000 00560nam a2200181 a 4500
005 20140310183303.0
008 050706s19uu xx 00 eng d
020 _a0 7487 2077 4
050 _aLC 1047
_b.W186 2001
100 _aWalklin, Les
245 _aTraining and development NVQs :
_ba handbook for FAETC candidates and NVQ trainers /
_cLes Walkin.
260 _aUK :
_bStanley Thornes (Publihers) Ltd,
_cc2001.
300 _axv, 293 p. :
_c25 cm.
521 _aBSBA
650 _aTraining and development.
942 _cBK
_2lcc
_kFOR
999 _c21041
_d21041